| Поле | Инд. | ПП | Название | Значение |
|---|---|---|---|---|
| Тип записи | a | |||
| Библиографический уровень | b | |||
| 001 | Контрольный номер | RU/IS/BASE/257263862 | ||
| 005 | Дата корректировки | 20200630193143.7 | ||
| 008 | Кодируемые данные | 20080225 | ||
| 040 | b | Код языка каталог. | rus | |
| e | Правила каталог. | PSBO | ||
| 041 | 0_ | a | Код языка текста | rus |
| 084 | a | Индекс другой классификации/Индекс ББК | 82.3(0)-442; 60.562.6; 88.5; 60.028.13 | |
| 100 | 1_ | a | Автор | Завьялова К. В. |
| 245 | 10 | a | Заглавие | Сказка в контексте общественной и научной жизни |
| 504 | a | Библиография | Библиогр. - Примеч.: с. 128 - 129 | |
| 650 | a | Основная рубрика | литературоведение | |
| a | Основная рубрика | психология | ||
| a | Основная рубрика | социальная психология | ||
| a | Основная рубрика | социальная философия | ||
| a | Основная рубрика | социология | ||
| a | Основная рубрика | социология литературы | ||
| a | Основная рубрика | филологические науки | ||
| a | Основная рубрика | философия | ||
| a | Основная рубрика | фольклор | ||
| 653 | 1_ | a | Ключевые слова | "Золушка" |
| a | Ключевые слова | межкультурная коммуникация | ||
| a | Ключевые слова | мифы | ||
| a | Ключевые слова | национальная культура | ||
| a | Ключевые слова | общественная жизнь | ||
| a | Ключевые слова | общественное сознание | ||
| a | Ключевые слова | психика | ||
| a | Ключевые слова | сказки | ||
| a | Ключевые слова | сказочные персонажи | ||
| 773 | 0_ | t | Заглавие источника | Вестник Московского университета. Серия 9, Филология |
| d | Дата издания источника | 2007 | ||
| g | Прочая информация | № 2. - С. 120 - 129 | ||
| w | Контрольный № источника | RU/IS/BASE/236181942 | ||
| 901 | t | Тип документа | b |